[Event "Niedersachsen-ch Seniors op 13th"]
[Site "Bad Bevensen"]
[Date "2010.07.11"]
[Round "6"]
[White "Redlich, Anita"]
[Black "Wiebke, Elfriede"]
[Result "1-0"]
[WhiteElo "1307"]
[BlackElo "1050"]
[PlyCount "119"]
[EventDate "2010.07.06"]
[EventType "swiss"]
[EventRounds "9"]
[EventCountry "GER"]
[SourceTitle "EXT 2012"]
[Source "ChessBase"]
[SourceDate "2011.11.24"]
[SourceVersion "1"]
[SourceVersionDate "2011.11.24"]
[SourceQuality "1"]

1. c4 c5 2. e4 e5 3. d3 Nf6 4. Be2 d6 5. Nf3 Bg4 6. 0-0 Nc6 7. Nc3 Bxf3 8. Bxf3 a6 9. Be3 Nd4 10. Bxd4 cxd4 11. Nd5 Nd7 12. Be2 Be7 13. f4 0-0 14. f5 Nf6 15. Nxf6+ Bxf6 16. Rf3 g6 17. Qf1 g5 18. Rg3 Kh8 19. Bg4 Rg8 20. Qe2 Rg7 21. Rf1 b5 22. b3 Qe7 23. cxb5 axb5 24. Qc2 Qd7 25. Rc1 h6 26. b4 Kh7 27. Qb3 Rc8 28. Rxc8 Qxc8 29. Rf3 Qc1+ 30. Rf1 Qd2 31. Rf3 Qe1+ 32. Rf1 Qe3+ 33. Kh1 Qd2 34. a3 Qc3 35. Qxc3 dxc3 36. Rc1 Rg8 37. Rxc3 Rd8 38. Rc7 Kg7 39. Bh5 Rf8 40. Rb7 Rc8 41. h3 Rc1+ 42. Kh2 Rc3 43. Rxf7+ Kg8 44. Rxf6 Kg7 45. Rxd6 Rxa3 46. Rd5 Kf6 47. Rxb5 Rxd3 48. Bf3 g4 49. hxg4 Kg5 50. Rd5 Rb3 51. b5 Ra3 52. b6 Ra8 53. Rxe5 Rb8 54. Rb5 Kf6 55. e5+ Ke7 56. Bd5 Kd7 57. b7 Kc7 58. Rc5+ Kb6 59. Rc8 Ka7 60. Rxb8 1-0

[Event "Bad Bevensen Seniors op 12th"]
[Site "Bad Bevensen"]
[Date "2009.07.14"]
[Round "8"]
[White "Redlich, Anita"]
[Black "Luebbers, Doris"]
[Result "1-0"]
[WhiteElo "1329"]
[BlackElo "1369"]
[PlyCount "95"]
[EventDate "2009.07.07"]
[EventType "swiss"]
[EventRounds "9"]
[EventCountry "GER"]
[SourceTitle "EXT 2022"]
[Source "ChessBase"]
[SourceDate "2021.10.06"]
[SourceVersion "1"]
[SourceVersionDate "2021.10.06"]
[SourceQuality "1"]

1. d4 d5 2. Nc3 e6 3. a3 Nf6 4. Bg5 Be7 5. e3 Nbd7 6. Nf3 b6 7. Be2 Bb7 8. 0-0 0-0 9. Ne5 Ne4 10. Bxe7 Qxe7 11. Nxd7 Qxd7 12. Nxe4 dxe4 13. f4 exf3 14. Bxf3 Bxf3 15. Rxf3 Rad8 16. c3 Qd5 17. Rh3 Qg5 18. Qd3 f5 19. Rf1 Qe7 20. Kh1 g6 21. Rhf3 c5 22. Qc4 Kg7 23. Qd3 cxd4 24. exd4 Rd6 25. Qe3 Rfd8 26. Qe5+ Qf6 27. Re1 Qxe5 28. Rxe5 Kf7 29. h3 h5 30. Rfe3 R8d7 31. g3 Rc6 32. Kg2 Rd5 33. Kf3 Rxe5 34. Rxe5 Rd6 35. g4 Kf6 36. gxf5 gxf5 37. Kf4 a6 38. Ke3 Rd5 39. Rxd5 exd5 40. Kf4 a5 41. a4 Ke6 42. b3 Kf6 43. c4 dxc4 44. bxc4 Ke6 45. Kg5 f4 46. Kxf4 h4 47. d5+ Ke7 48. Kg5 1-0

[Event "Bad Bevensen Seniors op 12th"]
[Site "Bad Bevensen"]
[Date "2009.07.09"]
[Round "3"]
[White "Skworzvov, Igor"]
[Black "Redlich, Anita"]
[Result "1-0"]
[WhiteElo "1756"]
[BlackElo "1329"]
[PlyCount "94"]
[EventDate "2009.07.07"]
[EventType "swiss"]
[EventRounds "9"]
[EventCountry "GER"]
[SourceTitle "EXT 2022"]
[Source "ChessBase"]
[SourceDate "2021.10.06"]
[SourceVersion "1"]
[SourceVersionDate "2021.10.06"]
[SourceQuality "1"]

1. e4 e5 2. Bc4 Nf6 3. d3 Be7 4. Nc3 c6 5. Bg5 0-0 6. Nge2 d6 7. h3 Nbd7 8. 0-0 Nb6 9. Bb3 d5 10. Ng3 d4 11. Nce2 h6 12. Bxf6 Bxf6 13. f4 exf4 14. Nxf4 Kh7 15. Qh5 g6 16. Qf3 Be5 17. Rf2 Bxf4 18. Qxf4 f6 19. Raf1 Kg7 20. Ne2 Nd7 21. Qg3 c5 22. Nf4 Ne5 23. Nh5+ Kh8 24. Nxf6 Qe7 25. Ng4 Bxg4 26. hxg4 b5 27. Rxf8+ Rxf8 28. Rxf8+ Qxf8 29. Qxe5+ Kh7 30. Qc7+ Kh8 31. Qf7 Qg7 32. Qxg7+ Kxg7 33. Kf2 Kf6 34. Kf3 g5 35. c3 Ke5 36. Bd5 a5 37. b4 axb4 38. cxb4 cxb4 39. Bc6 Ke6 40. Bxb5 Kd6 41. Bc4 Kc5 42. e5 Kc6 43. e6 Kd6 44. e7 Kxe7 45. Ke4 Kf6 46. Kxd4 Kg6 47. Ke5 h5 1-0

[Event "Bad Bevensen Seniors op 12th"]
[Site "Bad Bevensen"]
[Date "2009.07.07"]
[Round "1"]
[White "Hadlich, Winfried"]
[Black "Redlich, Anita"]
[Result "1-0"]
[WhiteElo "1800"]
[BlackElo "1329"]
[PlyCount "67"]
[EventDate "2009.07.07"]
[EventType "swiss"]
[EventRounds "9"]
[EventCountry "GER"]
[SourceTitle "EXT 2022"]
[Source "ChessBase"]
[SourceDate "2021.10.06"]
[SourceVersion "1"]
[SourceVersionDate "2021.10.06"]
[SourceQuality "1"]

1. d4 d5 2. Nf3 Nc6 3. Bg5 Nf6 4. e3 Bg4 5. Be2 h6 6. Bh4 e6 7. h3 Bxf3 8. Bxf3 Be7 9. Nd2 0-0 10. c3 b5 11. a3 a6 12. 0-0 Qd7 13. e4 Rad8 14. e5 Nh7 15. Bg3 f6 16. Be2 f5 17. f4 Rb8 18. Kh1 Qd8 19. Qe1 Qe8 20. Qf2 Kh8 21. Nf3 Rg8 22. b4 Nf8 23. a4 Nd8 24. axb5 axb5 25. Ra7 Rb7 26. Ra8 Qc6 27. Qe3 Ng6 28. Rfa1 Nf7 29. Nd2 Rxa8 30. Rxa8+ Kh7 31. Nb3 Rb6 32. Ra7 Ra6 33. Na5 Qb6 34. Rb7 1-0

[Event "GER-ch Seniors-B 20th"]
[Site "Erfurt"]
[Date "2008.08.12"]
[Round "8"]
[White "Redlich, Anita"]
[Black "Wolff, Heinz"]
[Result "1-0"]
[WhiteElo "1375"]
[BlackElo "1315"]
[PlyCount "51"]
[EventDate "2008.08.05"]
[EventType "swiss"]
[EventRounds "9"]
[EventCountry "GER"]
[SourceTitle "CBM 126 Extra"]
[Source "ChessBase"]
[SourceDate "2008.11.05"]
[SourceVersion "1"]
[SourceVersionDate "2008.11.05"]
[SourceQuality "1"]

1. e4 c5 2. Bc4 e6 3. Nc3 Nc6 4. a3 Nf6 5. d3 g6 6. Nf3 d6 7. h3 Bg7 8. Ne2 0-0 9. c3 d5 10. exd5 exd5 11. Ba2 b6 12. 0-0 h6 13. d4 cxd4 14. Nexd4 Nxd4 15. Nxd4 Qd7 16. Bb1 Re8 17. f4 Ne4 18. Qf3 f5 19. Bc2 Bb7 20. g4 Rab8 21. Be3 Nxc3 22. gxf5 Ne4 23. Bxe4 dxe4 24. Qf2 Bxd4 25. Bxd4 Qxf5 26. Qe3 1-0

[Event "GER-ch Seniors-B 20th"]
[Site "Erfurt"]
[Date "2008.08.11"]
[Round "7"]
[White "Marwitz, Ullrich"]
[Black "Redlich, Anita"]
[Result "0-1"]
[WhiteElo "944"]
[BlackElo "1375"]
[PlyCount "112"]
[EventDate "2008.08.05"]
[EventType "swiss"]
[EventRounds "9"]
[EventCountry "GER"]
[SourceTitle "CBM 126 Extra"]
[Source "ChessBase"]
[SourceDate "2008.11.05"]
[SourceVersion "1"]
[SourceVersionDate "2008.11.05"]
[SourceQuality "1"]

1. c4 e5 2. Nf3 d6 3. Nc3 Bg4 4. e3 c6 5. h3 Be6 6. d4 exd4 7. Qxd4 c5 8. Qd1 a6 9. Be2 Be7 10. Qc2 h6 11. Bd2 Nc6 12. a3 Nf6 13. Bd3 Ne5 14. Nxe5 dxe5 15. f3 Nd7 16. 0-0-0 0-0 17. Rdf1 f5 18. e4 f4 19. Nd5 Bh4 20. Be1 Bxe1 21. Rxe1 Rb8 22. b3 b5 23. cxb5 axb5 24. Kd1 Bxd5 25. exd5 Qe7 26. Bh7+ Kh8 27. Qd3 c4 28. Qb1 Qxa3 29. Bc2 Qc5 30. Be4 Qd4+ 31. Ke2 Nc5 32. Qd1 Nxb3 33. Qxd4 exd4 34. Kf2 d3 35. Rd1 Nc5 36. g3 b4 37. gxf4 Rxf4 38. Ke3 Rbf8 39. Kd4 Nxe4 40. fxe4 Rc8 41. d6 Rff8 42. e5 Kg8 43. Rhf1 c3 44. d7 Rcd8 45. Rxf8+ Kxf8 46. Rf1+ Ke7 47. Kxd3 Rxd7+ 48. Kc2 Rd2+ 49. Kb3 Rd4 50. Rg1 g5 51. h4 Rxh4 52. Rf1 Ke6 53. Re1 h5 54. Re2 Rf4 55. Rh2 h4 56. Rh3 Kxe5 0-1

[Event "GER-ch Seniors-B 20th"]
[Site "Erfurt"]
[Date "2008.08.09"]
[Round "5"]
[White "Redlich, Anita"]
[Black "Borkenhagen, Bernd"]
[Result "0-1"]
[WhiteElo "1375"]
[BlackElo "1506"]
[PlyCount "92"]
[EventDate "2008.08.05"]
[EventType "swiss"]
[EventRounds "9"]
[EventCountry "GER"]
[SourceTitle "CBM 126 Extra"]
[Source "ChessBase"]
[SourceDate "2008.11.05"]
[SourceVersion "1"]
[SourceVersionDate "2008.11.05"]
[SourceQuality "1"]

1. d4 d5 2. e3 Nf6 3. Be2 e6 4. a3 Bd6 5. Nf3 Nbd7 6. c4 c6 7. c5 Bb8 8. 0-0 0-0 9. Nc3 b5 10. Bd3 h6 11. e4 dxe4 12. Nxe4 Nxe4 13. Bxe4 Bb7 14. Bc2 a6 15. b4 Nf6 16. h3 Bc7 17. Nh2 Bxh2+ 18. Kxh2 Qc7+ 19. f4 Rad8 20. Be3 Rd7 21. Qf3 Nd5 22. Bg1 g6 23. Kh1 f5 24. Rad1 Re7 25. Bh2 Bc8 26. Rfe1 Kg7 27. Bg3 Kf6 28. Re5 Rff7 29. Rde1 Rg7 30. h4 a5 31. Bh2 axb4 32. axb4 Qa7 33. Rb1 Qa2 34. Re2 Qc4 35. Qd3 Qxd3 36. Bxd3 Ra7 37. Ree1 Ra3 38. Bc2 Rga7 39. Bb3 Nc3 40. Rb2 Ra1 41. Bg3 Rxe1+ 42. Bxe1 Ra1 43. Kh2 Rxe1 44. Rc2 Re3 45. Rb2 Bd7 46. Ba2 Re2 0-1

[Event "GER-ch Seniors-B 20th"]
[Site "Erfurt"]
[Date "2008.08.07"]
[Round "3"]
[White "Redlich, Anita"]
[Black "Fritsch, Wolfgang"]
[Result "0-1"]
[WhiteElo "1375"]
[BlackElo "1646"]
[PlyCount "104"]
[EventDate "2008.08.05"]
[EventType "swiss"]
[EventRounds "9"]
[EventCountry "GER"]
[SourceTitle "CBM 126 Extra"]
[Source "ChessBase"]
[SourceDate "2008.11.05"]
[SourceVersion "1"]
[SourceVersionDate "2008.11.05"]
[SourceQuality "1"]

1. d4 d5 2. Nc3 Nf6 3. Bg5 Nbd7 4. e3 h6 5. Bh4 e6 6. a3 Be7 7. Nf3 0-0 8. Bd3 c5 9. 0-0 a6 10. Ne5 cxd4 11. exd4 Bd6 12. f4 Qb6 13. Kh1 Kh8 14. Nxd7 Nxd7 15. Ne2 Re8 16. b4 Be7 17. Bxe7 Rxe7 18. c3 Nf6 19. Ng3 Qc7 20. Rc1 Bd7 21. Nh5 Nxh5 22. Qxh5 Be8 23. h3 f5 24. Qh4 Qd8 25. Rfe1 Bg6 26. Re3 Re8 27. Qxd8 Raxd8 28. Rce1 Rd6 29. g4 Rc8 30. Bb1 Rcc6 31. Kg2 Kh7 32. Kg3 fxg4 33. Bxg6+ Kxg6 34. hxg4 Kf6 35. Rh1 Rc7 36. Rh5 Rdc6 37. Rhe5 Rxc3 38. Rxe6+ Kf7 39. R6e5 Rxe3+ 40. Rxe3 Rc4 41. Rd3 Ke6 42. f5+ Kf6 43. Kf4 Rc1 44. Rg3 Rf1+ 45. Rf3 Rd1 46. Rg3 Rxd4+ 47. Ke3 Re4+ 48. Kd2 Kg5 49. Kd3 Rxg4 50. Rf3 h5 51. Ke3 h4 52. Kf2 Rg3 0-1

[Event "Niedersachsen-ch Seniors op 11th"]
[Site "Bad Bevensen"]
[Date "2008.07.16"]
[Round "9"]
[White "Farin, Friedrich"]
[Black "Redlich, Anita"]
[Result "0-1"]
[WhiteElo "1286"]
[BlackElo "1325"]
[PlyCount "48"]
[EventDate "2008.07.08"]
[EventType "swiss"]
[EventRounds "9"]
[EventCountry "GER"]
[SourceTitle "EXT 2022"]
[Source "ChessBase"]
[SourceDate "2021.10.06"]
[SourceVersion "1"]
[SourceVersionDate "2021.10.06"]
[SourceQuality "1"]

1. d4 d5 2. c4 Nf6 3. Nc3 e6 4. Nf3 Be7 5. Bg5 0-0 6. e3 Ne4 7. Bxe7 Qxe7 8. cxd5 Nxc3 9. bxc3 exd5 10. Bd3 Bg4 11. 0-0 c6 12. h3 Bh5 13. g4 Bg6 14. h4 Be4 15. g5 Nd7 16. Be2 f6 17. gxf6 Qxf6 18. Nh2 Qxh4 19. f3 Bf5 20. Rf2 Bh3 21. f4 Qg3+ 22. Kh1 Qxf2 23. Bf1 Qxe3 24. Bxh3 Qxh3 0-1

[Event "Niedersachsen-ch Seniors op 11th"]
[Site "Bad Bevensen"]
[Date "2008.07.11"]
[Round "4"]
[White "Redlich, Anita"]
[Black "Geibel, Henning"]
[Result "1-0"]
[WhiteElo "1325"]
[BlackElo "1149"]
[PlyCount "47"]
[EventDate "2008.07.08"]
[EventType "swiss"]
[EventRounds "9"]
[EventCountry "GER"]
[SourceTitle "EXT 2022"]
[Source "ChessBase"]
[SourceDate "2021.10.06"]
[SourceVersion "1"]
[SourceVersionDate "2021.10.06"]
[SourceQuality "1"]

1. e4 e5 2. Bc4 Nf6 3. d3 Bc5 4. Nc3 h6 5. a3 0-0 6. Nf3 d6 7. h3 c6 8. 0-0 b5 9. Ba2 Qb6 10. b4 Bd4 11. Nxd4 exd4 12. Ne2 c5 13. Nf4 Nbd7 14. Nd5 Qd8 15. f4 Nxd5 16. Bxd5 Rb8 17. Qf3 a5 18. Bd2 a4 19. Qg3 Nf6 20. f5 Nxd5 21. exd5 Qf6 22. bxc5 dxc5 23. Qxb8 Bxf5 24. Qg3 1-0

[Event "Niedersachsen-ch Seniors op 10th"]
[Site "Bad Bevensen"]
[Date "2007.07.10"]
[Round "8"]
[White "Redlich, Anita"]
[Black "Van Houten, Henk"]
[Result "1-0"]
[WhiteElo "1327"]
[BlackElo "1496"]
[PlyCount "69"]
[EventDate "2007.07.03"]
[EventType "swiss"]
[EventRounds "9"]
[EventCountry "GER"]
[SourceTitle "EXT 2022"]
[Source "ChessBase"]
[SourceDate "2021.10.06"]
[SourceVersion "1"]
[SourceVersionDate "2021.10.06"]
[SourceQuality "1"]

1. e4 e5 2. Bc4 Nf6 3. d3 Be7 4. a3 d6 5. h3 Nbd7 6. Nc3 Nf8 7. Nd5 Nxd5 8. exd5 c6 9. dxc6 bxc6 10. Ne2 d5 11. Ba2 Ng6 12. 0-0 0-0 13. f4 exf4 14. Nxf4 Nxf4 15. Bxf4 Qb6+ 16. Kh1 Qxb2 17. Bc1 Qxa1 18. Bb3 Bxa3 19. Qd2 Bxc1 20. Rxc1 Qf6 21. c4 Be6 22. cxd5 cxd5 23. d4 Rac8 24. Re1 h6 25. Bc2 Bf5 26. Bxf5 Qxf5 27. Re5 Qf1+ 28. Kh2 Rfe8 29. Qe3 Kf8 30. Kg3 Rxe5 31. Qxe5 Rd8 32. Qc7 Qe1+ 33. Kh2 Qe7 34. Qc3 Qc7+ 35. Qxc7 1-0

[Event "GER-ch Seniors Gp-B 18th"]
[Site "Dresden"]
[Date "2006.07.29"]
[Round "8"]
[White "Redlich, Anita"]
[Black "Wilfert, Eva Maria"]
[Result "1/2-1/2"]
[WhiteElo "1428"]
[BlackElo "1484"]
[PlyCount "46"]
[EventDate "2006.07.22"]
[EventType "swiss"]
[EventRounds "9"]
[EventCountry "GER"]
[SourceTitle "EXT 2022"]
[Source "ChessBase"]
[SourceDate "2021.10.06"]
[SourceVersion "1"]
[SourceVersionDate "2021.10.06"]
[SourceQuality "1"]

1. e4 e6 2. d4 d5 3. e5 c5 4. Be3 cxd4 5. Bxd4 Bd7 6. Nc3 Nc6 7. Nf3 Nxd4 8. Qxd4 a6 9. Bd3 Rc8 10. 0-0 g6 11. Rae1 Bg7 12. h3 Ne7 13. Qf4 0-0 14. Qg3 Nc6 15. a3 Na5 16. h4 Nc4 17. Nd1 f5 18. h5 Be8 19. Ng5 Qe7 20. hxg6 Bxg6 21. f4 Nd2 22. Rf2 Ne4 23. Bxe4 dxe4 1/2-1/2

[Event "GER-ch Seniors Gp-B 18th"]
[Site "Dresden"]
[Date "2006.07.24"]
[Round "3"]
[White "Geibel, Henning"]
[Black "Redlich, Anita"]
[Result "0-1"]
[WhiteElo "1175"]
[BlackElo "1428"]
[PlyCount "72"]
[EventDate "2006.07.22"]
[EventType "swiss"]
[EventRounds "9"]
[EventCountry "GER"]
[SourceTitle "EXT 2022"]
[Source "ChessBase"]
[SourceDate "2021.10.06"]
[SourceVersion "1"]
[SourceVersionDate "2021.10.06"]
[SourceQuality "1"]

1. d4 d5 2. Nc3 e6 3. Nf3 Be7 4. Bf4 Nf6 5. Nb5 Bd6 6. Bg5 h6 7. Bh4 a6 8. Nxd6+ cxd6 9. e3 Nbd7 10. Bd3 0-0 11. 0-0 Qe8 12. c4 Ne4 13. cxd5 exd5 14. Qb3 Qe6 15. Qc2 Ndf6 16. Bxf6 Nxf6 17. Rfe1 Ne4 18. Nd2 f5 19. Nxe4 fxe4 20. Be2 Qf5 21. Rf1 Qg5 22. g3 Bh3 23. Rfc1 Rf6 24. Bf1 Bxf1 25. Rxf1 Rf3 26. Qc7 Qf6 27. Rac1 Rf8 28. Rc2 Rxe3 29. Qxb7 Qf5 30. Qxa6 Rf3 31. Qe2 e3 32. Kg2 Qe4 33. Kh3 Rxf2 34. Rxf2 Rxf2 35. Rc8+ Kh7 36. Rc3 Rxe2 0-1

[Event "GER-ch Seniors Gp-B 18th"]
[Site "Dresden"]
[Date "2006.07.22"]
[Round "1"]
[White "Angermann, Immo Frank"]
[Black "Redlich, Anita"]
[Result "1-0"]
[WhiteElo "1622"]
[BlackElo "1428"]
[PlyCount "87"]
[EventDate "2006.07.22"]
[EventType "swiss"]
[EventRounds "9"]
[EventCountry "GER"]
[SourceTitle "EXT 2022"]
[Source "ChessBase"]
[SourceDate "2021.10.06"]
[SourceVersion "1"]
[SourceVersionDate "2021.10.06"]
[SourceQuality "1"]

1. e4 e5 2. Nf3 d6 3. Bc4 Bg4 4. h3 Bh5 5. g4 Bg6 6. d3 h6 7. Be3 Be7 8. Nbd2 Nd7 9. c3 Nb6 10. Qb3 c6 11. 0-0-0 Qc7 12. Nf1 Nxc4 13. Qxc4 b5 14. Qb3 a5 15. Ng3 a4 16. Qb4 Rb8 17. c4 c5 18. Qa3 Qd7 19. cxb5 Qxb5 20. Nf5 Qb4 21. Qxb4 cxb4 22. Nxg7+ Kf8 23. Nf5 Bxf5 24. gxf5 Nf6 25. Rhg1 Nh5 26. Rg4 Bf6 27. d4 Rc8+ 28. Kb1 Ke7 29. dxe5 dxe5 30. Rd5 Rcd8 31. Bc5+ Ke8 32. Rxd8+ Kxd8 33. Bxb4 Nf4 34. Bd6 Nxh3 35. Bxe5 Ke7 36. Bg3 Rd8 37. e5 Bg5 38. Nxg5 hxg5 39. Rxa4 Rd1+ 40. Kc2 Rf1 41. Ra7+ Ke8 42. e6 fxe6 43. fxe6 Nxf2 44. Bd6 1-0

[Event "Niedersachsen-ch Seniors op 09th"]
[Site "Bad Bevensen"]
[Date "2006.06.24"]
[Round "2"]
[White "Redlich, Anita"]
[Black "Janzen, Christian"]
[Result "1/2-1/2"]
[WhiteElo "1421"]
[BlackElo "1628"]
[PlyCount "59"]
[EventDate "2006.06.24"]
[EventType "swiss"]
[EventRounds "9"]
[EventCountry "GER"]
[SourceTitle "EXT 2022"]
[Source "ChessBase"]
[SourceDate "2021.10.06"]
[SourceVersion "1"]
[SourceVersionDate "2021.10.06"]
[SourceQuality "1"]

1. e4 e5 2. Bc4 Nf6 3. d3 Be7 4. a3 0-0 5. Nf3 d6 6. Nc3 c6 7. 0-0 Bg4 8. h3 Bh5 9. g4 Bg6 10. Nh4 Nfd7 11. Nxg6 hxg6 12. f4 exf4 13. Bxf4 Ne5 14. Bxe5 dxe5 15. Qf3 Bc5+ 16. Kh2 Qe7 17. Ne2 b5 18. Ba2 Na6 19. b4 Bb6 20. c3 Rad8 21. Rad1 Rd6 22. Qg3 Rf6 23. g5 Rxf1 24. Rxf1 Nc7 25. h4 Ne6 26. Qg4 Nf4 27. Nxf4 exf4 28. Kh3 Bc7 29. h5 gxh5 30. Qxh5 1/2-1/2

[Event "GER-ch Seniors-B 17th"]
[Site "Essen"]
[Date "2005.08.28"]
[Round "8"]
[White "Redlich, Anita"]
[Black "Malik, Rosemarie"]
[Result "1/2-1/2"]
[WhiteElo "1320"]
[BlackElo "1335"]
[PlyCount "24"]
[EventDate "2005.08.20"]
[EventType "swiss"]
[EventRounds "9"]
[EventCountry "GER"]
[SourceTitle "CBM 108 Extra"]
[Source "ChessBase"]
[SourceDate "2005.11.04"]
[SourceVersion "1"]
[SourceVersionDate "2005.11.04"]
[SourceQuality "1"]

1. e4 e5 2. Bc4 Nf6 3. d3 Be7 4. a3 d6 5. h3 Bd7 6. Nf3 0-0 7. Nc3 Nc6 8. 0-0 Rb8 9. Ba2 a6 10. Nd5 Nxd5 11. Bxd5 Na7 12. Ba2 Qc8 1/2-1/2